| 000 | 00953nam a22002057a 4500 | ||
|---|---|---|---|
| 003 | OSt | ||
| 005 | 20160620105609.0 | ||
| 008 | 150410b xxu||||| |||| 00| 0 eng d | ||
| 040 | _cBMC | ||
| 082 | _a070 | ||
| 100 | 1 |
_934936 _aGarcía Ramírez, Jennie Carolina |
|
| 245 | 1 | 0 |
_aPasantía en Creación e implementación del Departamento de Comunicación para el Turismo de la Alcaldía Municipal de Chalchuapa _b: Informe final _cJennie Carolina García Ramírez |
| 260 |
_aSanta Ana (El Salvador) _bUniversidad Católica de El Salvador _c2010 |
||
| 300 |
_a41 h. _bil. col _c27 cm _e+ 1 disco compacto |
||
| 500 | _aPrecede al tít.: Universidad Católica de El Salvador, Facultad de Ciencias y Humanidades | ||
| 502 | _aPara optar al grado académico de Licenciatura en Periodismo y Comunicación Audiovisual | ||
| 650 | 2 | 4 |
_9882 _aPeriodismo |
| 710 | 2 |
_91075 _aUniversidad Católica de El Salvador _bFacultad de Ciencias y Humanidades |
|
| 942 |
_2ddc _cTG |
||
| 999 |
_c21366 _d21366 |
||